000 00514nam a22001817a 4500
005 20251108173000.0
008 250721s1997 xx 000 0 ara d
082 1 4 _aم/216/تيم
100 1 _aابن تيمية، تقي الدين أبو العباس أحمد
245 1 0 _aفقه الحج /
250 _aط6
264 1 _aبيروت :
_bدار الفكر العربي،
_c1997.
300 _a215ص
650 1 7 _aالفقه الإسلامي
650 1 7 _aالحج
942 _2ddc
_cREF
999 _c93326
_d93326